| 000 | 01017nam a2200241 i 4500 | ||
|---|---|---|---|
| 001 | 138103 | ||
| 003 | ES-MaACL | ||
| 005 | 20240312062548.0 | ||
| 007 | t| | ||
| 008 | 070214s1904 sp |||| | spa d | ||
| 100 | 1 |
_aSánchez Pastor, Enrique. _9102836 |
|
| 245 | 1 | 3 |
_aLa cuestión agraria en el Mediodia de España / _cpor Enrique Sánchez Pastor, secretario 2º de la Sección de Ciencias Históricas del Ateneo de Madrid. |
| 260 |
_aMadrid : _b[s. n.], _c1904 ( _fImp. de los Hijos de M.G. Hernández) |
||
| 300 |
_a41 p. ; _c22 cm. |
||
| 500 | _aPrecede al tít.: Ateneo de Madrid. Curso de 1903-904. | ||
| 530 | _aDisponible en formato digital. | ||
| 610 | 2 | 4 |
_aAteneo de Madrid- _vConferencias- _y1900-1939 _91907 |
| 650 | 0 | 4 |
_aAgricultura- _zAndalucía. _99671 |
| 710 | 2 |
_aAteneo de Madrid. _91875 |
|
| 852 |
_aES-MaACL _jT-1036-F-11 |
||
| 856 |
_uhttp://ciconia.gobex.es/biblioteca/es/consulta/registro.cmd?id=3564 _zBiblioteca Digital del Patrimonio Cultural de Extremadura |
||
| 999 |
_c138103 _d138103 |
||